[Event "Aarhus"]
[Site "?"]
[Date "1997.??.??"]
[Round "?"]
[White "Khalifman, A."]
[Black "Stefansson, H."]
[Result "1-0"]
[WhiteElo "2650"]
[BlackElo "2555"]
[PlyCount "139"]
[EventDate "1997.??.??"]
[Source "ChessBase"]
[SourceDate "1997.06.01"]

1. Nf3 Nf6 2. c4 b6 3. g3 Bb7 4. Bg2 e6 5. O-O Be7 6. Nc3 O-O 7. Re1 d5 8. cxd5 exd5 9. d4 Na6 10. Bf4 Re8 11. Rc1 c5 12. dxc5 bxc5 13. Qb3 Qb6 14. Ne5 Qxb3 15. axb3 Ne4 16. Red1 Rad8 17. Nxe4 dxe4 18. Nc4 Bd5 19. Bh3 Bc6 20. Nd6 Bxd6 21. Rxd6 Bb5 22. Rxd8 Rxd8 23. Kf1 Bd7 24. Bg2 Bc6 25. Ke1 f5 26. Be3 Rb8 27. Bxc5 Nxc5 28. Rxc5 Bd7 29. g4 fxg4 30. Bxe4 Be6 31. Rc3 Kf7 32. Rc7+ Kf6 33. Rxa7 Rxb3 34. Bxh7 Rxb2 35. Ra6 Ke5 36. Bd3 Rb8 37. Ra5+ Kf6 38. Kf1 Rc8 39. Be4 Rc1+ 40. Kg2 Re1 41. e3 Rc1 42. Rb5 Rd1 43. Rb6 Ke5 44. Rb1 Rxb1 45. Bxb1 Kf6 46. Kf1 Ke5 47. Ke2 Bc8 48. Bg6 Kf6 49. Bc2 Ke5 50. Kd3 Bf5+ 51. Kc3 Be6 52. Kb4 Kd6 53. Bd3 Bc8 54. Kc4 Ke5 55. Bc2 Ba6+ 56. Kc5 Be2 57. Kc6 Ke6 58. Kc7 Ke7 59. Bb3 Bf3 60. Bc4 Be4 61. Be2 Bf5 62. Kc6 Ke6 63. Bc4+ Ke5 64. Kc7 Ke4 65. Be2 Ke5 66. Kd8 Kf6 67. Bc4 Bc2 68. Kd7 Ke5 69. Be2 Kf5 70. Kd6 1-0

[Event "Mind Sports Games - Blitz Team KO"]
[Site "Pechino CINA"]
[Date "2008.10.14"]
[Round "1.2"]
[White "Ruck, R1."]
[Black "Kryvoruchko, Y."]
[Result "1/2-1/2"]
[WhiteElo "2574"]
[BlackElo "2627"]
[PlyCount "75"]
[EventDate "2008.10.13"]
[Source "www.chesslib.no"]
[SourceDate "2004.05.04"]

1. Nf3 Nf6 2. g3 b6 3. Bg2 Bb7 4. c4 e6 5. O-O Be7 6. Nc3 O-O 7. Re1 d5 8. cxd5 exd5 9. d4 Nbd7 10. Bf4 c5 11. dxc5 Nxc5 12. Be5 Qd7 13. Rc1 Rac8 14. Bd4 Nfe4 15. e3 Rfd8 16. a3 Ba6 17. Bf1 Bxf1 18. Rxf1 Qe6 19. Kg2 h6 20. Ne2 Bd6 21. b4 Nd7 22. Qa4 Bb8 23. Bb2 Rc4 24. Ned4 Qe8 25. Rxc4 dxc4 26. b5 Nd6 27. Qc2 Nc5 28. a4 Nd3 29. Ba3 Qe4 30. Bxd6 Bxd6 31. Qxc4 Bc5 32. Kg1 Bxd4 33. Nxd4 Ne5 34. Qc2 Rxd4 35. Qc8+ Kh7 36. exd4 Nf3+ 37. Kh1 Nh4+ 38. f3 1/2-1/2

[Event "Biel"]
[Site "Biel"]
[Date "1995.??.??"]
[Round "2"]
[White "Timman, Jan H"]
[Black "Gavrikov, Viktor"]
[Result "1/2-1/2"]
[WhiteElo "2590"]
[BlackElo "2605"]
[PlyCount "52"]
[EventDate "1995.07.??"]
[Source "ChessBase"]

1. c4 Nf6 2. Nc3 c5 3. Nf3 e6 4. g3 b6 5. Bg2 Bb7 6. O-O Be7 7. Re1 d5 8. cxd5 exd5 9. d4 O-O 10. Bf4 Na6 11. Ne5 Ne4 12. Nxe4 dxe4 13. dxc5 Nxc5 14. Rc1 Qe8 15. Nc4 Rd8 16. Qc2 Qc6 17. Be3 Qe6 18. Nd2 Rc8 19. Qb1 f5 20. Bxc5 Bxc5 21. Nb3 Bd6 22. Nd4 Qf6 23. e3 Bd5 24. Rxc8 Rxc8 25. Rd1 g6 26. Bf1 a6 1/2-1/2

[Event "EU-ch 2nd"]
[Site "Ohrid"]
[Date "2001.06.12"]
[Round "11"]
[White "Beliavsky, Alexander G"]
[Black "Chuchelov, Vladimir"]
[Result "1-0"]
[WhiteElo "2638"]
[BlackElo "2550"]
[PlyCount "73"]
[EventDate "2001.06.01"]
[Source "ChessBase"]
[SourceDate "2001.09.13"]

1. d4 Nf6 2. c4 e6 3. Nf3 b6 4. g3 Ba6 5. b3 d5 6. cxd5 exd5 7. Bg2 Bb4+ 8. Bd2 Be7 9. O-O O-O 10. Nc3 Bb7 11. Bc1 Na6 12. Bb2 Re8 13. Rc1 Bf8 14. Ne5 c5 15. Nd3 cxd4 16. Nb5 Qd7 17. Nxd4 Ne4 18. Nf4 Red8 19. Bh3 Qe8 20. a3 Ng5 21. Bg2 Nc5 22. b4 Na4 23. Ba1 Ne4 24. Rc7 Rab8 25. Nf5 d4 26. Qc2 Rbc8 27. Nxd4 a5 28. b5 Rxc7 29. Qxc7 Qd7 30. Qc2 Nac5 31. Nd3 Rc8 32. Nc6 Nxd3 33. Bxe4 Nc5 34. Bxh7+ Kh8 35. Bf5 Ne6 36. Rd1 Qe8 37. Qe4 1-0

[Event "Sochi"]
[Site "Sochi"]
[Date "1976.??.??"]
[Round "10"]
[White "Geller, Efim P"]
[Black "Kuzmin, Gennadi P"]
[Result "1-0"]
[WhiteElo "2620"]
[BlackElo "2565"]
[PlyCount "37"]
[EventDate "1976.09.??"]
[Source "ChessBase"]

1. Nf3 Nf6 2. c4 b6 3. g3 Bb7 4. Bg2 e6 5. O-O Be7 6. b3 O-O 7. Bb2 d5 8. cxd5 exd5 9. d4 Re8 10. Nc3 Bd6 11. Rc1 Nbd7 12. Nb5 Ba6 13. Nxd6 cxd6 14. Re1 Ne4 15. Nd2 Ndf6 16. Nf1 Ng4 17. f3 Ngf2 18. Qc2 Rc8 19. Qb1 1-0

[Event "73rd ch-UKR"]
[Site "Kharkiv"]
[Date "2004.08.26"]
[Round "2.1"]
[White "Miroshnichenko, Evgenij"]
[Black "Korobov, Anton"]
[Result "1-0"]
[WhiteElo "2615"]
[BlackElo "2565"]
[PlyCount "129"]
[EventDate "2004.08.03"]
[Source "Roberto Alvarez"]
[SourceDate "2004.09.06"]

1. Nf3 Nf6 2. c4 b6 3. g3 Bb7 4. Bg2 e6 5. O-O Be7 6. Nc3 O-O 7. Re1 d5 8. cxd5 exd5 9. d4 Nbd7 10. Bf4 c5 11. Ne5 Nxe5 12. Bxe5 Ne4 13. dxc5 Bxc5 14. e3 Qe7 15. Bd4 Rac8 16. Rc1 Rfd8 17. a3 h6 18. Ne2 Rc7 19. Nf4 Rdc8 20. Bh3 Re8 21. b4 Bd6 22. Rxc7 Bxc7 23. Bg2 Bxf4 24. exf4 Qd8 25. Qa4 a6 26. Bxb6 Qc8 27. Bd4 Bc6 28. Qc2 Bb5 29. Qb2 f6 30. Rc1 Qd7 31. Be3 Rc8 32. Qd4 Rxc1+ 33. Bxc1 Qc6 34. Be3 Nc3 35. Kh1 Qc4 36. h4 Kh8 37. Qb6 Kh7 38. Kh2 Qc6 39. Qd8 Qd7 40. Qb6 Qc6 41. Qa7 Qd7 42. Qd4 Qc6 43. Bf3 Ne4 44. Bd1 Qe6 45. Bf3 Bc4 46. a4 Nd6 47. g4 h5 48. f5 Qe5+ 49. Qxe5 fxe5 50. Bc5 hxg4 51. Bxd6 gxf3 52. Bxe5 Bd3 53. f6 gxf6 54. Bxf6 Kg6 55. Bc3 Kh5 56. Kg3 Be2 57. Bd4 Bc4 58. Bf6 Kg6 59. Bg5 d4 60. Kf4 Kh5 61. Ke4 Bb3 62. b5 Bxa4 63. bxa6 d3 64. a7 d2 65. Bxd2 1-0

[Event "Mondariz zt 1.1"]
[Site "Mondariz"]
[Date "2000.09.12"]
[Round "9"]
[White "Van Wely, Loek"]
[Black "Chuchelov, Vladimir"]
[Result "1-0"]
[WhiteElo "2643"]
[BlackElo "2535"]
[PlyCount "79"]
[EventDate "2000.09.03"]
[Source "ChessBase"]
[SourceDate "2000.11.21"]

1. Nf3 Nf6 2. c4 c5 3. Nc3 e6 4. g3 b6 5. Bg2 Bb7 6. O-O Be7 7. Re1 d5 8. cxd5 exd5 9. d4 O-O 10. Bf4 Na6 11. dxc5 Nxc5 12. Nb5 Nce4 13. Nbd4 Bc5 14. a3 a5 15. h3 Re8 16. Qa4 Nh5 17. Rad1 Nxf4 18. gxf4 Qf6 19. e3 h6 20. Re2 g5 21. fxg5 hxg5 22. Nd2 Ng3 23. fxg3 Bxd4 24. Nf1 Bxb2 25. Rf2 Qe5 26. Qb3 Bc3 27. Bxd5 Bxd5 28. Rxd5 a4 29. Qb5 Qe6 30. Rxg5+ Bg7 31. Qb2 Qh6 32. Rff5 Rac8 33. h4 Rc5 34. Rxc5 bxc5 35. Qb5 Qe6 36. Qxc5 Rc8 37. Qd4 f6 38. Rg4 Rc1 39. Qe4 Qa6 40. Qe8+ 1-0

[Event "NED-ch"]
[Site "NED"]
[Date "1994.??.??"]
[Round "11"]
[White "Van der Sterren, Paul"]
[Black "Van Wely, Loek"]
[Result "1-0"]
[WhiteElo "2605"]
[BlackElo "2570"]
[PlyCount "81"]
[EventDate "1994.06.??"]
[Source "ChessBase"]

1. d4 Nf6 2. c4 e6 3. Nf3 b6 4. g3 Ba6 5. b3 Bb4+ 6. Bd2 Be7 7. Bg2 d5 8. cxd5 exd5 9. O-O O-O 10. Nc3 Bb7 11. Bc1 Na6 12. Bb2 Qc8 13. Qc2 Rd8 14. Rac1 h6 15. Rfd1 Qe6 16. e3 Bf8 17. Ne2 Qe4 18. Ne5 Qxc2 19. Rxc2 c5 20. dxc5 Nxc5 21. h4 Bd6 22. Nf4 Rac8 23. Bh3 Rc7 24. b4 Na6 25. Rxc7 Nxc7 26. Rc1 Nfe8 27. a3 Ra8 28. Nc6 Bxf4 29. gxf4 Bxc6 30. Rxc6 f6 31. h5 Rd8 32. a4 Rd6 33. Rc1 b5 34. a5 Kf7 35. Bf5 Ne6 36. Rc8 N8c7 37. Bd4 Rd8 38. Rxd8 Nxd8 39. Bxa7 Nc6 40. Bc5 Na6 41. Bd7 1-0

[Event "Bugojno"]
[Site "Bugojno"]
[Date "1984.??.??"]
[Round "?"]
[White "Miles, Anthony J"]
[Black "Beliavsky, Alexander G"]
[Result "0-1"]
[WhiteElo "2610"]
[BlackElo "2565"]
[PlyCount "106"]
[EventDate "1984.05.??"]
[Source "ChessBase"]

1. c4 Nf6 2. Nc3 e6 3. Nf3 b6 4. g3 Bb7 5. Bg2 Be7 6. O-O O-O 7. Re1 d5 8. cxd5 exd5 9. d4 Nbd7 10. Bf4 Ne4 11. Qa4 g5 12. Nxe4 gxf4 13. Nc3 fxg3 14. hxg3 Re8 15. Bh3 Nf8 16. Kg2 Bf6 17. Rh1 c5 18. e3 cxd4 19. Nxd4 Re5 20. Bg4 Rg5 21. Bf3 Ng6 22. Rh2 Bg7 23. Rah1 h6 24. Rh5 Ne5 25. Be2 a6 26. Qc2 Qf6 27. Kg1 b5 28. R1h4 b4 29. Na4 Rc8 30. Qb1 Ng6 31. Rh1 Nf4 32. Rxg5 Nxe2+ 33. Nxe2 Qxg5 34. Nf4 d4 35. Rh5 Qg4 36. Nc5 Rxc5 37. Rxc5 Qf3 38. Kh2 Qxf2+ 39. Kh3 dxe3 40. Qf5 Qf1+ 41. Kh4 Qh1+ 42. Nh3 e2 43. Rc8+ Bxc8 44. Qxc8+ Bf8 45. Qg4+ Kh8 46. Qxe2 Bd6 47. g4 Qd5 48. g5 hxg5+ 49. Nxg5 Kg7 50. b3 Qf5 51. Nf3 Qf4+ 52. Kh5 Qh6+ 53. Kg4 f5+ 0-1

[Event "Bundesliga 9899"]
[Site "Germany"]
[Date "1999.03.21"]
[Round "13.1"]
[White "Epishin, Vladimir"]
[Black "Ftacnik, Lubomir"]
[Result "1-0"]
[WhiteElo "2578"]
[BlackElo "2585"]
[PlyCount "63"]
[EventDate "1998.10.17"]
[Source "ChessBase"]
[SourceDate "1999.07.01"]

1. Nf3 Nf6 2. c4 c5 3. Nc3 e6 4. g3 b6 5. Bg2 Bb7 6. O-O Be7 7. Re1 d5 8. cxd5 exd5 9. d4 O-O 10. Bf4 Na6 11. e3 Ne4 12. h4 Re8 13. Rc1 Bf6 14. Ne5 Bxe5 15. dxe5 Nc7 16. Nxe4 dxe4 17. Qc2 Ne6 18. Rcd1 Qe7 19. Rd6 h6 20. Red1 Rad8 21. Qa4 Bc8 22. h5 Nxf4 23. exf4 e3 24. fxe3 Bg4 25. R1d2 Rxd6 26. Rxd6 Rc8 27. Qe4 Be6 28. a3 f6 29. Qg6 Bf7 30. Qg4 Rd8 31. exf6 Qxe3+ 32. Kh2 1-0

[Event "London"]
[Site "London"]
[Date "1986.??.??"]
[Round "10"]
[White "Larsen, Bent"]
[Black "Ribli, Zoltan"]
[Result "1/2-1/2"]
[WhiteElo "2575"]
[BlackElo "2585"]
[PlyCount "40"]
[EventDate "1986.03.??"]
[Source "ChessBase"]

1. c4 Nf6 2. Nc3 c5 3. g3 e6 4. Nf3 b6 5. Bg2 Bb7 6. O-O Be7 7. Re1 d5 8. cxd5 exd5 9. d4 O-O 10. b3 Nbd7 11. Bb2 Re8 12. Rc1 Bf8 13. e3 Rc8 14. Re2 a6 15. Rd2 c4 16. Ne5 b5 17. f4 b4 18. bxc4 bxc3 19. Bxc3 Ne4 20. Bxe4 dxe4 1/2-1/2

[Event "San Francisco"]
[Site "San Francisco"]
[Date "1995.??.??"]
[Round "6"]
[White "Gulko, Boris F"]
[Black "Browne, Walter S"]
[Result "1/2-1/2"]
[WhiteElo "2595"]
[BlackElo "2560"]
[PlyCount "89"]
[EventDate "1995.02.??"]
[Source "ChessBase"]

1. Nf3 c5 2. c4 Nf6 3. Nc3 e6 4. g3 b6 5. Bg2 Bb7 6. O-O Be7 7. Re1 d5 8. cxd5 exd5 9. d4 O-O 10. Bf4 Na6 11. dxc5 Nxc5 12. Nd4 Nfe4 13. Qc2 Bg5 14. Bxg5 Qxg5 15. Nxe4 Nxe4 16. e3 Rfc8 17. Qe2 Rc5 18. Nb3 Rc7 19. Rac1 Rac8 20. Rxc7 Rxc7 21. Rd1 g6 22. Nd4 h5 23. Qf3 Ba6 24. Qf4 Qxf4 25. gxf4 Kg7 26. Bf1 Bxf1 27. Kxf1 a6 28. Ke2 Kf6 29. Rg1 Rc5 30. f3 Nd6 31. Kd3 Nf5 32. Nxf5 Kxf5 33. Rg5+ Ke6 34. f5+ gxf5 35. Rxh5 Rc1 36. Rh6+ f6 37. Rh8 Rd1+ 38. Kc3 Rc1+ 39. Kd2 Rb1 40. Kc2 Re1 41. Rb8 Re2+ 42. Kc3 b5 43. Rb6+ Kf7 44. Rxa6 Rxe3+ 45. Kd4 1/2-1/2

[Event "RUS-ch"]
[Site "Elista"]
[Date "1994.??.??"]
[Round "8"]
[White "Kuporosov, Viktor"]
[Black "Tiviakov, Sergei"]
[Result "1/2-1/2"]
[WhiteElo "2510"]
[BlackElo "2640"]
[PlyCount "60"]
[EventDate "1994.09.??"]
[Source "ChessBase"]

1. Nf3 Nf6 2. c4 b6 3. g3 e6 4. Bg2 Bb7 5. O-O Be7 6. Nc3 O-O 7. d4 d5 8. cxd5 exd5 9. b3 Na6 10. Bb2 Qc8 11. Rc1 c5 12. e3 Rd8 13. Ne5 Qe6 14. Re1 Ne4 15. Qe2 Bf6 16. Nb5 Qe8 17. f3 Nd6 18. Nxd6 Rxd6 19. f4 Rc8 20. Rcd1 Nc7 21. dxc5 bxc5 22. e4 Rcd8 23. exd5 Bxd5 24. Bxd5 Nxd5 25. Qf3 Nb4 26. Rxd6 Rxd6 27. Nd3 Qf8 28. Nxb4 cxb4 29. Bxf6 Rxf6 30. Re5 Re6 1/2-1/2

[Event "TCh-CHN Men, Suzhou, Jiangsu CHN"]
[Site "?"]
[Date "2001.??.??"]
[Round "9"]
[White "Wu Wenjin"]
[Black "Wang Zili"]
[Result "0-1"]
[WhiteElo "2570"]
[BlackElo "2580"]
[PlyCount "70"]
[EventDate "2001.??.??"]
[Source "www.chesslib.no"]
[SourceDate "2004.05.04"]

1. Nf3 Nf6 2. c4 c5 3. Nc3 e6 4. g3 b6 5. Bg2 Bb7 6. O-O Be7 7. Re1 d5 8. cxd5 exd5 9. d4 O-O 10. Bf4 Na6 11. a3 Ne4 12. Rc1 Re8 13. Be5 cxd4 14. Nb5 Bf8 15. Nbxd4 Qd7 16. Bf4 Bd6 17. Bxd6 Nxd6 18. e3 Nc5 19. b4 Nce4 20. Nd2 Nf6 21. a4 Rac8 22. b5 Nde4 23. Nxe4 dxe4 24. Rxc8 Rxc8 25. Bf1 h5 26. Re2 Rc5 27. Rd2 Qc7 28. Rc2 Bd5 29. Rxc5 Qxc5 30. h4 g6 31. Bh3 Qc3 32. Kg2 Kg7 33. Kg1 Qb2 34. Kg2 Bc4 35. Bd7 Nxd7 0-1

[Event "Montpellier opA"]
[Site "Montpellier"]
[Date "1998.??.??"]
[Round "7"]
[White "Tregubov, Pavel V"]
[Black "Epishin, Vladimir"]
[Result "1-0"]
[WhiteElo "2560"]
[BlackElo "2590"]
[PlyCount "85"]
[EventDate "1998.07.??"]
[Source "www.chesslib.no"]
[SourceDate "2004.05.04"]

1. d4 Nf6 2. c4 e6 3. Nf3 b6 4. g3 Ba6 5. Nbd2 d5 6. Bg2 Be7 7. O-O O-O 8. b3 Bb7 9. Bb2 Nbd7 10. cxd5 exd5 11. Ne5 c6 12. e4 dxe4 13. Nxe4 Nd5 14. Rc1 Rc8 15. Bh3 f5 16. Nc3 Nxe5 17. Nxd5 Qxd5 18. Bg2 Qe6 19. Re1 Rfd8 20. Qc2 Bf6 21. dxe5 Be7 22. Rcd1 Rxd1 23. Rxd1 Rd8 24. Rxd8+ Bxd8 25. b4 b5 26. a4 a6 27. axb5 axb5 28. Qc5 h6 29. Qa7 Qe7 30. e6 Bc8 31. Qd4 Bxe6 32. Bxc6 Bc4 33. Bd5+ Bxd5 34. Qxd5+ Kh8 35. Bc3 f4 36. Qxb5 Bc7 37. Qc6 fxg3 38. hxg3 h5 39. b5 Bb8 40. Qd5 Qe2 41. Qg5 Qd1+ 42. Kh2 Qd7 43. Be5 1-0

[Event "Leeuwarden op"]
[Site "Leeuwarden"]
[Date "1995.??.??"]
[Round "3"]
[White "Lobron, Eric"]
[Black "Ulibin, Mikhail"]
[Result "1-0"]
[WhiteElo "2595"]
[BlackElo "2545"]
[PlyCount "75"]
[EventDate "1995.08.??"]
[Source "www.chesslib.no"]
[SourceDate "2004.05.04"]

1. Nf3 Nf6 2. c4 c5 3. Nc3 e6 4. g3 b6 5. Bg2 Bb7 6. O-O Be7 7. Re1 d5 8. cxd5 exd5 9. d4 O-O 10. Bf4 Na6 11. Qc2 Qd7 12. Rad1 Rfd8 13. a3 Qe8 14. dxc5 Nxc5 15. Nd4 Nce4 16. f3 Nxc3 17. Qxc3 Rac8 18. Qd2 Rc4 19. Be3 Qd7 20. Bf2 a5 21. Bf1 Rcc8 22. e3 Bc5 23. g4 Ne8 24. Bh4 f6 25. Bd3 Nd6 26. b4 axb4 27. axb4 Bxd4 28. exd4 Re8 29. Rxe8+ Rxe8 30. Re1 Rxe1+ 31. Qxe1 Bc6 32. Bg3 Bb5 33. Be2 g6 34. h4 Kf7 35. Qd2 Nc8 36. Qh6 Kg8 37. h5 Qg7 38. Qe3 1-0

[Event "Moscow Aeroflot op"]
[Site "Moscow"]
[Date "2002.02.09"]
[Round "7"]
[White "Filippov, Valerij"]
[Black "Kalinin, Alexander"]
[Result "1-0"]
[WhiteElo "2625"]
[BlackElo "2512"]
[PlyCount "75"]
[EventDate "2002.02.04"]
[Source "ChessBase"]
[SourceDate "2002.03.21"]

1. Nf3 Nf6 2. c4 e6 3. g3 b6 4. Bg2 Bb7 5. O-O Be7 6. Nc3 c5 7. Re1 d5 8. cxd5 exd5 9. d4 O-O 10. Bf4 Na6 11. Rc1 Re8 12. Qa4 Ne4 13. Red1 Nxc3 14. bxc3 Bf6 15. Be5 Bxe5 16. Nxe5 f6 17. Nc6 Qd7 18. c4 Bxc6 19. Qxa6 cxd4 20. Rxd4 Rxe2 21. Bf3 Re5 22. cxd5 Bb5 23. Qa3 Rae8 24. h4 Re1+ 25. Rxe1 Rxe1+ 26. Kh2 Qf5 27. Rf4 Qd3 28. Qxa7 Qf1 29. Qb8+ Kf7 30. Qc7+ Kg8 31. Qd8+ Be8 32. Bg2 Qg1+ 33. Kh3 h5 34. Re4 Rxe4 35. Bxe4 Kf8 36. d6 Qf1+ 37. Bg2 Qe2 38. Kh2 1-0

[Event "Evora"]
[Site "?"]
[Date "2006.07.29"]
[Round "8"]
[White "Prusikin Michael"]
[Black "Ftacnik Lubomir"]
[Result "0-1"]
[WhiteElo "2557"]
[BlackElo "2579"]
[PlyCount "100"]
[EventDate "2006.??.??"]
[Source "www.chesslib.no"]
[SourceDate "2004.05.04"]

1. Nf3 Nf6 2. c4 c5 3. Nc3 e6 4. g3 b6 5. Bg2 Bb7 6. O-O Be7 7. Re1 d5 8. cxd5 exd5 9. d4 O-O 10. Bf4 Na6 11. dxc5 Nxc5 12. Nd4 Qd7 13. Rc1 Rac8 14. a3 Rfd8 15. h3 h6 16. Rc2 Nfe4 17. Be5 Ba6 18. Qb1 Bd6 19. Bxd6 Qxd6 20. Rd1 Qf6 21. e3 Bb7 22. Na2 g6 23. Nb4 a5 24. Na2 Ne6 25. Nxe6 Qxe6 26. Rxc8 Rxc8 27. Rc1 Rxc1+ 28. Nxc1 d4 29. Qd3 Nxf2 30. Kxf2 dxe3+ 31. Qxe3 Qxe3+ 32. Kxe3 Bxg2 33. h4 Kg7 34. Ne2 Kf6 35. Nc3 Ke5 36. b4 Bc6 37. bxa5 bxa5 38. Kd3 f5 39. Ke3 Be8 40. Nd1 Kd5 41. Nb2 Bb5 42. Kf4 Kd4 43. h5 gxh5 44. Kxf5 Kc3 45. Nd1+ Kb3 46. Kg6 Kxa3 47. Nc3 Bd3+ 48. Kxh5 Kb3 49. Nd5 a4 50. Nf4 Bc4 0-1

[Event "Wichern-op"]
[Site "Hamburg Wichern-op"]
[Date "1995.??.??"]
[Round "5"]
[White "Chuchelov, Vladimir"]
[Black "Ftacnik, Lubomir"]
[Result "1-0"]
[WhiteElo "2530"]
[BlackElo "2605"]
[PlyCount "59"]
[EventDate "1995.??.??"]
[Source "www.chesslib.no"]
[SourceDate "2004.05.04"]

1. c4 c5 2. Nf3 Nf6 3. Nc3 e6 4. g3 b6 5. Bg2 Bb7 6. O-O Be7 7. Re1 d5 8. cxd5 exd5 9. d4 O-O 10. b3 Ne4 11. Bb2 Bf6 12. Rc1 Na6 13. e3 Qe7 14. Re2 Rfd8 15. dxc5 bxc5 16. Na4 Rac8 17. Ne1 Bxb2 18. Rxb2 d4 19. exd4 Rxd4 20. Qe2 Nb4 21. Nc3 Re8 22. Nxe4 Bxe4 23. a3 Qd7 24. Bxe4 Rdxe4 25. Qf1 Qd4 26. Rbb1 Na2 27. Rc4 R4e7 28. Nd3 Qe5 29. Rb4 Qf6 30. Rh4 1-0

[Event "Yongchuan zt 3.3"]
[Site "Yongchuan"]
[Date "2003.07.12"]
[Round "2"]
[White "Bu Xiangzhi"]
[Black "Wang Zili"]
[Result "1/2-1/2"]
[WhiteElo "2588"]
[BlackElo "2542"]
[PlyCount "45"]
[EventDate "2003.07.11"]
[Source "ChessBase"]
[SourceDate "2003.11.11"]

1. Nf3 Nf6 2. c4 c5 3. g3 b6 4. Bg2 Bb7 5. O-O e6 6. Nc3 Be7 7. Re1 d5 8. cxd5 exd5 9. d4 O-O 10. Bf4 Ne4 11. Rc1 Nxc3 12. bxc3 Nd7 13. c4 Nf6 14. Nd2 cxd4 15. Nb3 Bb4 16. Rf1 Qe7 17. Nxd4 Rad8 18. Qc2 Rfe8 19. Rfd1 Bc5 20. Be3 Qe5 21. Bf4 Qe7 22. Be3 Qe5 23. Bf4 1/2-1/2

[Event "Wichern op"]
[Site "Hamburg"]
[Date "1995.??.??"]
[Round "5"]
[White "Chuchelov, Vladimir"]
[Black "Ftacnik, Lubomir"]
[Result "1-0"]
[WhiteElo "2550"]
[BlackElo "2580"]
[PlyCount "59"]
[EventDate "1995.09.??"]
[Source "www.chesslib.no"]
[SourceDate "2004.05.04"]

1. c4 c5 2. Nf3 Nf6 3. Nc3 e6 4. g3 b6 5. Bg2 Bb7 6. O-O Be7 7. Re1 d5 8. cxd5 exd5 9. d4 O-O 10. b3 Ne4 11. Bb2 Bf6 12. Rc1 Na6 13. e3 Qe7 14. Re2 Rfd8 15. dxc5 bxc5 16. Na4 Rac8 17. Ne1 Bxb2 18. Rxb2 d4 19. exd4 Rxd4 20. Qe2 Nb4 21. Nc3 Re8 22. Nxe4 Bxe4 23. a3 Qd7 24. Bxe4 Rdxe4 25. Qf1 Qd4 26. Rbb1 Na2 27. Rc4 Qd5 28. Ng2 Rxc4 29. bxc4 Qd4 30. Qe2 1-0

[Event "Mar del Plata"]
[Site "Mar del Plata"]
[Date "1982.??.??"]
[Round "?"]
[White "Quinteros, Miguel Angel"]
[Black "Polugaevsky, Lev"]
[Result "1/2-1/2"]
[WhiteElo "2505"]
[BlackElo "2625"]
[PlyCount "131"]
[EventDate "1982.02.??"]
[Source "ChessBase"]

1. c4 Nf6 2. Nc3 e6 3. Nf3 b6 4. g3 Bb7 5. Bg2 c5 6. O-O Be7 7. Re1 d5 8. cxd5 exd5 9. d4 O-O 10. Bg5 Nbd7 11. Rc1 h6 12. Bxf6 Nxf6 13. Qa4 a6 14. dxc5 bxc5 15. Nd2 Rb8 16. e4 dxe4 17. Ndxe4 Bxe4 18. Nxe4 Rxb2 19. Qxa6 Nxe4 20. Bxe4 Qd2 21. Qf1 Rxa2 22. Rcd1 Qb4 23. Bd5 Ra7 24. Re4 Qb6 25. Rde1 Bf6 26. Qc4 Bd4 27. Rf4 Qd8 28. Qb3 Rd7 29. Bc4 g6 30. h4 h5 31. Qf3 Kg7 32. Kg2 Bf6 33. Qc6 Bd4 34. Qf3 Ra7 35. Qc6 Rc7 36. Qf3 Qd6 37. Re2 Ra7 38. Ra2 Re7 39. Ra6 Qe5 40. Ra8 f5 41. Rxf8 Kxf8 42. Qa8+ Kg7 43. Rf3 Re8 44. Qc6 Re7 45. Qa8 Kh6 46. Qf8+ Qg7 47. Qd8 Qf6 48. Qa8 Qh8 49. Qc6 Qe5 50. Qa8 Re8 51. Qc6 Rb8 52. Bf7 Qf6 53. Qxf6 Bxf6 54. Rb3 Rd8 55. Rb6 Kg7 56. Rb7 Rd2 57. Be8+ Kh6 58. Rb6 Bd4 59. Rxg6+ Kh7 60. Rg5 Rxf2+ 61. Kh3 Be3 62. Rxh5+ Kg7 63. Bd7 Kg6 64. Be8+ Kf6 65. Bb5 Rd2 66. g4 1/2-1/2

[Event "Mind Sports Games - Rapid Ind"]
[Site "Pechino CINA"]
[Date "2008.10.06"]
[Round "4"]
[White "Kraai, J."]
[Black "Kryvoruchko, Y."]
[Result "0-1"]
[WhiteElo "2502"]
[BlackElo "2627"]
[PlyCount "88"]
[EventDate "2008.10.05"]
[Source "www.chesslib.no"]
[SourceDate "2004.05.04"]

1. Nf3 Nf6 2. c4 e6 3. g3 b6 4. Bg2 Bb7 5. O-O Be7 6. Nc3 O-O 7. Re1 d5 8. cxd5 exd5 9. d4 Nbd7 10. Bf4 c5 11. Ne5 cxd4 12. Nxd7 Qxd7 13. Qxd4 Bc5 14. Qd3 d4 15. Ne4 Nxe4 16. Bxe4 Bxe4 17. Qxe4 Qb5 18. Qc2 Rfe8 19. a4 Qa6 20. Qd3 Qxd3 21. exd3 f6 22. Bd2 Kf7 23. b4 Bd6 24. Rac1 Rxe1+ 25. Bxe1 Ke6 26. f4 Kd5 27. Rc4 a6 28. Bf2 b5 29. Rxd4+ Kc6 30. a5 f5 31. g4 g6 32. gxf5 gxf5 33. Bh4 Kd7 34. Bf6 Ke6 35. Be5 Be7 36. Bc7 Rc8 37. Be5 Rc2 38. h3 Rb2 39. Bc7 Rxb4 40. Rxb4 Bxb4 41. Kf2 Kd7 42. Bb6 Bd2 43. Kf3 Kc6 44. Bd4 Bxa5 0-1

[Event "Hofmann Cup"]
[Site "Baden-Baden GER"]
[Date "1995.??.??"]
[Round "4"]
[White "Bischoff, Klaus"]
[Black "Gavrikov, Viktor N"]
[Result "1/2-1/2"]
[WhiteElo "2525"]
[BlackElo "2600"]
[PlyCount "52"]
[EventDate "1995.??.??"]
[Source "www.chesslib.no"]
[SourceDate "2004.05.04"]

1. c4 Nf6 2. Nc3 c5 3. g3 e6 4. Nf3 b6 5. Bg2 Bb7 6. O-O Be7 7. Re1 d5 8. cxd5 exd5 9. d4 O-O 10. b3 Na6 11. Bb2 Qc8 12. e3 Rd8 13. Rc1 Ne4 14. Ne2 Qd7 15. Nf4 Qe8 16. h4 Rac8 17. Ne5 Bd6 18. Qg4 Nf6 19. Qf5 Rc7 20. Ng4 Nxg4 21. Qxg4 Bf8 22. dxc5 Rxc5 23. Rxc5 Nxc5 24. Rd1 Ne4 25. Rc1 Rd6 26. Nh5 Rg6 1/2-1/2

[Event "Bank Pocztowy op-A"]
[Site "Bydgoszcz"]
[Date "2001.05.03"]
[Round "6"]
[White "Popov, Valerij"]
[Black "Ulibin, Mikhail"]
[Result "1-0"]
[WhiteElo "2545"]
[BlackElo "2580"]
[PlyCount "104"]
[EventDate "2001.04.27"]
[Source "ChessBase"]
[SourceDate "2001.07.03"]

1. Nf3 c5 2. c4 Nf6 3. Nc3 e6 4. g3 b6 5. Bg2 Bb7 6. O-O Be7 7. Re1 d5 8. cxd5 exd5 9. d4 O-O 10. Bf4 Na6 11. Rc1 Ne4 12. dxc5 Bxc5 13. Rf1 Re8 14. a3 Qf6 15. Na4 Bf8 16. Be3 Nac5 17. Bd4 Qe7 18. Re1 g6 19. Nc3 Rad8 20. e3 Ba6 21. Ne5 Rd6 22. b4 Nxc3 23. Rxc3 Ne6 24. Qa4 Bb7 25. Nf3 Bg7 26. Rec1 a6 27. Bf1 b5 28. Qd1 Nxd4 29. Nxd4 Rd7 30. Bh3 f5 31. Bg2 Qf6 32. Rc5 Qe5 33. h4 Bf8 34. R5c3 Ree7 35. Qb3 Kg7 36. a4 bxa4 37. Qxa4 Kh6 38. Qa5 Rf7 39. Rf1 Qd6 40. Rb3 Rf6 41. Qa1 Qe5 42. Qa4 Rc7 43. Qa5 Qd6 44. b5 Rc5 45. Qd2 Kg7 46. Rfb1 Be7 47. Bf1 axb5 48. Nxb5 Qd7 49. Nd4 Bc8 50. Qb2 Kh6 51. Rb8 Qc7 52. Rd1 Rf8 1-0

[Event "RUS-ch 53rd"]
[Site "Samara"]
[Date "2000.06.22"]
[Round "6"]
[White "Makarov, Marat"]
[Black "Ibragimov, Ildar"]
[Result "1-0"]
[WhiteElo "2513"]
[BlackElo "2611"]
[PlyCount "43"]
[EventDate "2000.06.03"]
[Source "ChessBase"]
[SourceDate "2000.10.18"]

1. Nf3 Nf6 2. c4 e6 3. g3 b6 4. Bg2 Bb7 5. O-O Be7 6. Nc3 O-O 7. Re1 d5 8. cxd5 exd5 9. d4 c5 10. Bf4 Nbd7 11. dxc5 bxc5 12. Nh4 Nb6 13. Nf5 Qd7 14. e4 d4 15. Nb5 Rfd8 16. Nxe7+ Qxe7 17. Nd6 Ne8 18. Nf5 Qe6 19. Rc1 d3 20. Rxc5 Nc4 21. Qb3 Ba6 22. Rc6 1-0

[Event "Ciocaltea mem"]
[Site "Bucharest"]
[Date "2000.03.14"]
[Round "10"]
[White "Rogozenko, Dorian"]
[Black "Iordachescu, Viorel"]
[Result "1/2-1/2"]
[WhiteElo "2562"]
[BlackElo "2560"]
[PlyCount "55"]
[EventDate "2000.03.13"]
[Source "ChessBase"]
[SourceDate "2000.07.27"]

1. Nf3 Nf6 2. c4 b6 3. g3 Bb7 4. Bg2 e6 5. O-O Be7 6. Re1 O-O 7. Nc3 d5 8. cxd5 exd5 9. d4 c5 10. Bf4 Nbd7 11. Ne5 Ne4 12. Nxe4 dxe4 13. Nc4 Nf6 14. dxc5 Bxc5 15. Bd6 Bxd6 16. Nxd6 Bd5 17. Nf5 g6 18. Ne3 Be6 19. Qa4 Qd2 20. Qa3 a5 21. Rad1 Qb4 22. Qxb4 axb4 23. Rd4 Rxa2 24. Rxb4 Rd8 25. Rxb6 Rd2 26. Rb1 Rxe2 27. Bf1 Rd2 28. Bc4 1/2-1/2